| 000 -LEADER |
| fixed length control field |
00627nam a22002057a 4500 |
| 008 - FIXED-LENGTH DATA ELEMENTS--GENERAL INFORMATION |
| fixed length control field |
150617b xxu||||| |||| 00| 0 eng d |
| 020 ## - INTERNATIONAL STANDARD BOOK NUMBER |
| International Standard Book Number |
9781848164956 |
| 020 ## - INTERNATIONAL STANDARD BOOK NUMBER |
| International Standard Book Number |
1848164955 |
| 041 0# - LANGUAGE CODE |
| Language code of text/sound track or separate title |
eng |
| 080 ## - UNIVERSAL DECIMAL CLASSIFICATION NUMBER |
| Universal Decimal Classification number |
658 |
| 245 00 - TITLE STATEMENT |
| Title |
Smaller manufacturing enterprises in an international context : |
| Statement of responsibility, etc |
George Tesar ... [et al]. |
| 260 ## - |
| -- |
London : |
| -- |
Imperial College Press, |
| -- |
2010. |
| 300 ## - |
| -- |
300 f. ; |
| -- |
24 cm. |
| 500 ## - |
| -- |
Preface: f.vii-ix |
| 505 ## - |
| -- |
Index: f.297-300 |
| 650 #0 - |
| -- |
Industria e prodhimit |
| 650 #0 - |
| -- |
Ndërmarrjet e vogla |
| 700 1# - |
| -- |
Tesar, George. |
| 942 ## - ADDED ENTRY ELEMENTS (KOHA) |
| Source of classification or shelving scheme |
|
| Item type |
Books |